000 00311nam a2200145Ia 4500
003 OSt
005 20240311163628.0
008 170523s9999 xx 000 0 und d
020 _a9780130857545
040 _ciimtu meerut
100 _aWELSCH- HILTON
245 0 _aBUDGETING
260 _bPHI
942 _2ddc
_c02
999 _c1455
_d1455